000
00320nam a22001337a 4500
999
_c
13875
_d
13875
020
_a
978-1841697468
082
_a
155.2
100
_a
Robert B. Ewen
245
_a
An Introduction to Theories of Personality
250
_a
7th Edition
260
_a
New York
_b
Psychology Press
_c
2010
300
_a
470 pages
942
_c
BK